• 首页
  • 本馆介绍
  • 公告通知
  • 最新文献
  • 馆藏检索
  • 电子资源
  • 读者导购
  • 参考咨询
  • 我的图书馆
  • 登录
  • 详细信息显示
  • 放入我的书架
  • 预约/预借图书
  • 作者相关作品
  • 分类相关作品
  • 丛书相关作品
  • 出版社相关作品

书目信息

  • 表格格式
  • 工作单格式
  • 卡片格式
题名:
设计基础
    
 
作者: 许宁 , 任立卓 编著
分册:  
出版信息: 上海   上海教育音像出版社  2019.01
页数: 195页
开本: 12cm
丛书名:
单 册:
中图分类: G634.2 , J20
科图分类:
主题词: 中小学--校外教育--教材 , 绘画理论--造型艺术
电子资源:
ISBN: 978-7-89473-330-6
000 00890nam0 2200289 450
001 0103152645
005 20201103152730.0
010    @a978-7-89473-330-6@dCNY50.00
100    @a20191225d2019 em y0chiy0110 ea
101 0  @achi
102    @aCN@b310000
135    @avomg ---uuuuu
200 1  @a设计基础@Ashe ji ji chu@e二维形态设计@f许宁, 任立卓编著
210    @a上海@c上海教育音像出版社@d2019.01
215    @a195页@c有声, 彩色@d12cm
230    @a数据和程序
300    @a上海市校外教育活动项目资源包丛书
304    @a题名取自题名屏幕
330    @a二维形态设计的学习内容包括二维平面空间表现和二维色彩空间表现两大部分。
606 0  @a中小学@x校外教育@j教材
606 0  @a绘画理论@x造型艺术
690    @aG634.2@v5
690    @aJ20@v5
701  0 @a许宁@Axu ning@4编著
701  0 @a任立卓@Aren li zhuo@4编著
801  0 @aCN@bBJSZM@c20201103
905    @b1255651-5@dG634.2@e1737@f5
    
    设计基础:二维形态设计/许宁, 任立卓编著.-上海:上海教育音像出版社,2019.01.-数据和程序
    195页:有声, 彩色;12cm
    上海市校外教育活动项目资源包丛书
    
    ISBN 978-7-89473-330-6:CNY50.00
    二维形态设计的学习内容包括二维平面空间表现和二维色彩空间表现两大部分。
●
相关链接 在E读中查询图书 在五车中查询图书 在当当中查询图书 在豆瓣中查询图书


正题名:设计基础     索取号:G634.2/1737         预约/预借

序号 登录号 条形码 馆藏地/架位号 状态 备注
1 1255651   212556517   第一样本阅览室/ [索取号:G634.2/1737] 在馆    
2 1255652   212556526   教育系资料室/ [索取号:G634.2/1737] 在馆    
3 1255653   212556535   教育系资料室/ [索取号:G634.2/1737] 在馆    
4 1255654   212556544   第四借阅区/ [索取号:G634.2/1737] 在馆    
5 1255655   212556553   第四借阅区/ [索取号:G634.2/1737] 在馆    
唐山师范学院图书馆 欢迎您!
大连网信软件有限公司© 版权所有